000 00642nam a2200193Ia 4500
008 090123s9999 xx 000 0 und d
082 _b42812
100 _aशहा घनश्याम
245 _aभारतातील सामाजिक चळवळी
250 _a1
260 _c2008
300 _a240
600 _aशहा घनश्याम
630 _aभारतातील सामाजिक चळवळी
700 _aशहा घनश्याम
700 _aचिकटे प्राची
730 _aभारतातील सामाजिक चळवळी
942 _cBOOK
999 _c80888
_d80888